[Event "Milan SSM Septembre"]
[Site "Milan"]
[Date "2015.09.13"]
[Round "4"]
[White "Altissimo, Dino"]
[Black "Calabrese, Maurizio"]
[Result "1-0"]
[WhiteElo "1440"]
[BlackElo "1462"]
[PlyCount "109"]
[EventDate "2015.09.10"]
[EventType "swiss"]
[EventRounds "5"]
[EventCountry "ITA"]
[SourceTitle "EXT 2024"]
[Source "ChessBase"]
[SourceDate "2023.10.10"]
[SourceVersion "1"]
[SourceVersionDate "2023.10.10"]
[SourceQuality "1"]

1. e4 e5 2. Nf3 Nc6 3. Bb5 Nf6 4. c3 d6 5. d3 Be7 6. Nbd2 0-0 7. 0-0 Bg4 8. Bxc6 bxc6 9. Re1 Ne8 10. h3 Bd7 11. Nh2 f5 12. Ndf3 f4 13. d4 Bf6 14. dxe5 dxe5 15. Qb3+ Kh8 16. c4 Nd6 17. c5 Nf7 18. Qc4 Qe7 19. b4 Rfd8 20. Bb2 a5 21. a3 Be6 22. Qc3 axb4 23. axb4 h5 24. Ra5 g5 25. Rea1 Rxa5 26. bxa5 Qd7 27. a6 g4 28. hxg4 hxg4 29. a7 Ra8 30. Ne1 Ng5 31. Qb4 Qc8 32. Nd3 Nf7 33. Nxf4 exf4 34. Bxf6+ Kh7 35. e5 Bf5 36. Qxf4 Kg6 37. f3 Qe6 38. fxg4 Bd3 39. Nf3 Qc4 40. Nh4+ Kh7 41. Qxc4 Bxc4 42. Nf5 Bd3 43. e6 Nh6 44. Nxh6 Kxh6 45. e7 Bg6 46. Be5 Kg5 47. Bxc7 Kxg4 48. Bb8 Kf5 49. Re1 Be8 50. Kh2 Kf6 51. Kg3 Kf7 52. Kf4 Bd7 53. Kg5 Ke8 54. Kf6 Bc8 55. Rd1 1-0

[Event "Milan SSM Septembre"]
[Site "Milan"]
[Date "2015.09.12"]
[Round "3"]
[White "Borgia, Enrico"]
[Black "Altissimo, Dino"]
[Result "1-0"]
[WhiteElo "1539"]
[BlackElo "1440"]
[PlyCount "119"]
[EventDate "2015.09.10"]
[EventType "swiss"]
[EventRounds "5"]
[EventCountry "ITA"]
[SourceTitle "EXT 2024"]
[Source "ChessBase"]
[SourceDate "2023.10.10"]
[SourceVersion "1"]
[SourceVersionDate "2023.10.10"]
[SourceQuality "1"]

1. d4 d5 2. Nf3 Nf6 3. Nc3 c6 4. Bf4 Nbd7 5. e3 e6 6. a3 Be7 7. Bd3 Nh5 8. Ne5 Nxf4 9. exf4 Bf6 10. Be2 Qb6 11. Rb1 c5 12. Nxd7 Bxd7 13. dxc5 Qxc5 14. Qd2 0-0 15. 0-0 Bxc3 16. bxc3 b6 17. Ra1 Bc6 18. Qd4 Qe7 19. Rfe1 Qb7 20. Bd3 Qd7 21. Re3 Bb5 22. Rg3 g6 23. Rh3 Bxd3 24. Qxd3 f5 25. c4 Rfd8 26. cxd5 Qxd5 27. Rd1 Qxd3 28. Rhxd3 Rxd3 29. Rxd3 Rc8 30. c3 Rc7 31. g3 Kf7 32. Kf1 Ke7 33. Ke2 h6 34. Kd2 Rc5 35. Kc2 b5 36. Kb3 a6 37. a4 Rc4 38. axb5 axb5 39. h4 h5 40. Rd2 Ra4 41. Kb2 Kf6 42. Re2 Rc4 43. Re5 b4 44. cxb4 Rxb4+ 45. Kc3 Rb1 46. Re2 Rb5 47. Kd2 Rd5+ 48. Ke1 e5 49. fxe5+ Rxe5 50. Rxe5 Kxe5 51. Ke2 f4 52. Kf3 fxg3 53. fxg3 Kf5 54. Kf2 Ke4 55. Ke2 Kd4 56. Kf3 Kd3 57. g4 hxg4+ 58. Kxg4 Ke4 59. Kg5 Ke5 60. Kxg6 1-0